Solid software

Αποθηκεύτηκε σε:
Λεπτομέρειες βιβλιογραφικής εγγραφής
Κύριος συγγραφέας: Pfleeger, Shari Lawrence
Άλλοι συγγραφείς: Hatton, Les 1948-, Howell, Charles C.
Μορφή: Βιβλίο
Γλώσσα:English
Δημοσίευση: Upper Saddle River, N.J. : Prentice Hall, c2002
Σειρά:Software quality instistute series
Θέματα:
Ετικέτες: Προσθήκη ετικέτας
Δεν υπάρχουν, Καταχωρήστε ετικέτα πρώτοι!

MARC

LEADER 00000cam a2200000 i 4500
001 1/34941
008 030402s2002 eng d
020 |a 0-13-091298-0 
035 |l 10069793 
040 |a GR-MY-UA  |b gre  |e aacr 
041 0 |a eng 
082 0 |a 005.1  |2 (21) 
100 1 |a Pfleeger, Shari Lawrence. 
245 1 0 |a Solid software /  |c Shari Lawrence Pfleeger, Les Hatton, Charles C. Howell 
260 |a Upper Saddle River, N.J. :   |b Prentice Hall,   |c c2002 
300 |a xvi, 315 p.;  |b ill.;  |c 24 cm. 
490 1 |a Software quality institute series 
504 |a Includes bibliographical references and index 
650 0 0 |a Computer software  |x Quality control. 
700 1 |a Hatton, Les  |d 1948- 
700 1 |a Howell, Charles C. 
830 0 |a Software quality instistute series 
852 |a INST  |b SYROS  |e 20030402  |h 005.1 PFL  |p 005500002466  |q 005500002466  |t BK  |y 0 
901 |a BIBL5-2003-1 
909 |a Ε  |b 103696 
970 |a ΜΑΝΩΛΑΡΑΚΗ  |b ΜΑΡΙΑ  |z 2003/04/02